ordinance : No.2 of 1909. An ordinance To Provide For The Application of So Much of The Proceeds of The Duty Heretofore Levied on The Export of Tea As Was Unaxpended on December 31,1908. (Record no. 49209)
[ view plain ]
| 000 -LEADER | |
|---|---|
| fixed length control field | 00659nam a2200157Ia 4500 |
| 008 - FIXED-LENGTH DATA ELEMENTS--GENERAL INFORMATION | |
| fixed length control field | 180921t xxu||||| ||||o00| 0 eng d |
| 041 ## - LANGUAGE CODE | |
| Language code of text/sound track or separate title | English |
| 080 ## - UNIVERSAL DECIMAL CLASSIFICATION NUMBER | |
| Universal Decimal Classification number | Vol.1 1707 - 1879 |
| 942 ## - ADDED ENTRY ELEMENTS (KOHA) | |
| Koha item type | Books |
| 003 - CONTROL NUMBER IDENTIFIER | |
| control field | LK-CoDNM |
| 040 ## - CATALOGING SOURCE | |
| Original cataloging agency | LK-CoDNM |
| Modifying agency | LK-CoDNM |
| Description conventions | LK-CoDNM |
| 245 ## - TITLE STATEMENT | |
| Title | ordinance : No.2 of 1909. An ordinance To Provide For The Application of So Much of The Proceeds of The Duty Heretofore Levied on The Export of Tea As Was Unaxpended on December 31,1908. |
| 300 ## - PHYSICAL DESCRIPTION | |
| Extent | p.699-700, 23 cm |
| 500 ## - GENERAL NOTE | |
| General note | * Repealed By No.9 Of 1912.-Edd.;+ To Cease On December 31,1908. Proclamation Dated January 24, 1907.-Edd. |
| 650 ## - SUBJECT ADDED ENTRY--TOPICAL TERM | |
| Topical term or geographic name as entry element | Ordinance |
| -- | Customs : Export Duty On Tea |
| Withdrawn status | Lost status | Damaged status | Not for loan | Collection code | Permanent Location | Current Location | Date acquired | Full call number | Koha item type |
|---|---|---|---|---|---|---|---|---|---|
| Government Publications | Library National Museum Colombo - Sri Lanka | Library National Museum Colombo - Sri Lanka | 2013-03-19 | Vol.1 1707 - 1879 | Books |


